000 00723nam a2200241Ia 4500
003 OSt
005 20220926015051.0
006 a|||||r|||| 00| 0
007 ta
008 220923b |||||||| |||| 00| 0 eng d
020 _a0444007369
037 _cGeneral Book
040 _aRTL
_cRTL
_beng
041 _2eng
_aeng
082 _aX9(J):89Q1:(B).73.N7, M2
100 _aRausser Gordon C Ed.
_9321545
245 0 _aNew directions in econometric modeling and forecas
260 _aNew York
_bNorth Holland USA
_c1982
300 _axiii, 830p. Bib chapterwise
_ccm.
650 _aAccounts
942 _hX9(J):89Q1:(B).73.N7, M2
_cGB
_2CC
999 _c630488
_d630488